[Event "Olimpiada de Khanty-Mansiysk 2010"]
[Site "Khanty-Mansiysk RUS"]
[Date "2010.09.28"]
[Round "7"]
[White "Shengelia, David"]
[Black "Godena, Michele"]
[Result "0-1"]
[WhiteElo "2587"]
[BlackElo "2551"]
[PlyCount "100"]
[EventDate "2010.09.21"]
[EventType "team"]
[EventRounds "11"]
[EventCountry "RUS"]
[Source "lmi"]
[SourceDate "2010.09.21"]
[WhiteTeam "Austria"]
[BlackTeam "Italia"]
[WhiteTeamCountry "AUT"]
[BlackTeamCountry "ITA"]

1. c4 e5 2. Nc3 Bb4 3. Qc2 Nf6 4. Nf3 Qe7 5. g4 Bxc3 6. Qxc3 Nc6 7. Rg1 d5 8.
g5 Ne4 9. Qc2 Be6 10. a3 Nd6 11. c5 Nf5 12. d3 O-O-O 13. b4 e4 14. b5 Na5 15.
Bd2 exf3 16. Bxa5 Nd4 17. Qc3 Nxe2 18. Bxe2 Bd7 19. Ra2 Bxb5 20. Rg3 d4 21. Qc1
Bc6 22. Qf4 fxe2 23. Rxe2 Qd7 24. Kd2 Rhe8 25. Rxe8 Rxe8 26. Rg1 b6 27. cxb6
axb6 28. Bb4 Qd5 29. Rc1 Qa2+ 30. Rc2 Re2+ 31. Kxe2 Qxc2+ 32. Bd2 Qc5 33. Qxf7
Qe5+ 34. Kf1 Qxh2 35. Qf4 Qh3+ 36. Ke2 Qe6+ 37. Kf1 Qh3+ 38. Ke2 Kb7 39. Be1
Qe6+ 40. Kf1 Qh3+ 41. Ke2 Qe6+ 42. Kf1 Qd5 43. Ke2 Qa2+ 44. Bd2 Qe6+ 45. Kf1
Qh3+ 46. Ke2 Bg2 47. Qf7 Bf1+ 48. Kd1 Bxd3 49. Qd5+ Ka7 50. Qe5 Qf3+ 0-1

[Event "Olimpiada de Khanty-Mansiysk 2010"]
[Site "Khanty-Mansiysk RUS"]
[Date "2010.09.28"]
[Round "7"]
[White "Vocaturo, Daniele"]
[Black "Kreisl, Robert"]
[Result "1/2-1/2"]
[WhiteElo "2581"]
[BlackElo "2376"]
[PlyCount "94"]
[EventDate "2010.09.21"]
[EventType "team"]
[EventRounds "11"]
[EventCountry "RUS"]
[Source "lmi"]
[SourceDate "2010.09.21"]
[WhiteTeam "Italia"]
[BlackTeam "Austria"]
[WhiteTeamCountry "ITA"]
[BlackTeamCountry "AUT"]

1. e4 c6 2. d4 d5 3. e5 Bf5 4. h4 h5 5. c4 e6 6. Nc3 dxc4 7. Bxc4 Be7 8. g3 Nh6
9. Nge2 Bg4 10. Bxh6 Rxh6 11. Qd3 Nd7 12. f3 Bf5 13. Qe3 Nb6 14. Bb3 a5 15. a4
Rc8 16. Rd1 Rh8 17. Kf1 Nd5 18. Nxd5 cxd5 19. Nc3 Kf8 20. Kg2 g6 21. Nb5 Kg7
22. Rdf1 Bc2 23. Rc1 Bxb3 24. Qxb3 Qb6 25. Rc2 Rc6 26. Rf2 Rc4 27. Qd1 Rcc8 28.
Re1 Rc4 29. f4 Rcc8 30. Rh1 Rc4 31. Re1 Rcc8 32. Re3 Rc4 33. Ree2 Rhc8 34. Rf1
Rh8 35. Kh1 Rhc8 36. Rg1 Rh8 37. Rh2 Rcc8 38. Qf3 Rc4 39. Qd1 Rcc8 40. b3 Rh7
41. Qe2 Rhh8 42. Rhg2 Rc6 43. Rh2 Rcc8 44. Rh3 Rh7 45. Rh2 Rhh8 46. Rh3 Rh7 47.
Rh2 Rhh8 1/2-1/2

[Event "Olimpiada de Khanty-Mansiysk 2010"]
[Site "Khanty-Mansiysk RUS"]
[Date "2010.09.28"]
[Round "7"]
[White "Danner, Georg"]
[Black "Rombaldoni, Denis"]
[Result "1/2-1/2"]
[WhiteElo "2422"]
[BlackElo "2501"]
[PlyCount "48"]
[EventDate "2010.09.21"]
[EventType "team"]
[EventRounds "11"]
[EventCountry "RUS"]
[Source "lmi"]
[SourceDate "2010.09.21"]
[WhiteTeam "Austria"]
[BlackTeam "Italia"]
[WhiteTeamCountry "AUT"]
[BlackTeamCountry "ITA"]

1. d4 d5 2. Nf3 Nf6 3. c4 c6 4. e3 Bf5 5. Nc3 e6 6. Nh4 Bg6 7. g3 Nbd7 8. Nxg6
hxg6 9. cxd5 exd5 10. Bg2 Bd6 11. O-O Qe7 12. Re1 O-O-O 13. e4 Nxe4 14. Qc2 Kb8
15. Nxe4 dxe4 16. Rxe4 Qf6 17. Bf4 g5 18. Bxd6+ Qxd6 19. Rae1 Nf6 20. Re7 Rd7
21. Rxd7 Nxd7 22. Qf5 f6 23. d5 cxd5 24. Qxd5 Qxd5 1/2-1/2

[Event "Olimpiada de Khanty-Mansiysk 2010"]
[Site "Khanty-Mansiysk RUS"]
[Date "2010.09.28"]
[Round "7"]
[White "Cmilyte, Viktorija"]
[Black "Hammer, Jon Ludvig"]
[Result "1/2-1/2"]
[WhiteElo "2513"]
[BlackElo "2633"]
[PlyCount "118"]
[EventDate "2010.09.21"]
[EventType "team"]
[EventRounds "11"]
[EventCountry "RUS"]
[Source "lmi"]
[SourceDate "2010.09.21"]
[WhiteTeam "Lituania"]
[BlackTeam "Noruega"]
[WhiteTeamCountry "LTU"]
[BlackTeamCountry "NOR"]

1. d4 Nf6 2. c4 e6 3. Nc3 Bb4 4. Qc2 d5 5. cxd5 exd5 6. Bg5 c5 7. dxc5 h6 8.
Bh4 g5 9. Bg3 Ne4 10. e3 Qa5 11. Nge2 Bf5 12. Bxb8 Rxb8 13. Nd4 Bd7 14. Bd3 Ba4
15. Qxa4+ Qxa4 16. Bb5+ Qxb5 17. Ndxb5 Rc8 18. Ke2 Bxc3 19. Nxc3 Nxc3+ 20. bxc3
Rxc5 21. Rhb1 b6 22. a4 Kd7 23. Ra3 Rhc8 24. Kd3 Kd6 25. Rb4 Rc4 26. Rb2 R8c5
27. f3 f5 28. h3 Kc6 29. Rb5 h5 30. g3 h4 31. g4 f4 32. e4 dxe4+ 33. fxe4 Kd6
34. Rxc5 Rxc5 35. Kd4 Ke6 36. Rb3 Ra5 37. Rb4 Kd6 38. c4 Ke7 39. Kd3 Ke6 40.
Kd4 Kf6 41. Kd3 Rc5 42. Kd4 Ke7 43. Kd3 Kd6 44. Kd4 Ke6 45. Rb5 Kf6 46. Rb4 Kf7
47. Rb5 Kg6 48. Kd3 Kg7 49. Kd4 Kf6 50. Rb4 Ra5 51. Kd3 Ke5 52. Rb5+ Rxb5 53.
cxb5 f3 54. Ke3 f2 55. Kxf2 Kxe4 56. Ke2 Kd4 57. Kd2 Ke4 58. Ke2 Kf4 59. Kf2
Ke4 1/2-1/2

[Event "Olimpiada de Khanty-Mansiysk 2010"]
[Site "Khanty-Mansiysk RUS"]
[Date "2010.09.28"]
[Round "7"]
[White "Urkedal, Frode"]
[Black "Malisauskas, Vidmantas"]
[Result "1/2-1/2"]
[WhiteElo "2430"]
[BlackElo "2510"]
[PlyCount "127"]
[EventDate "2010.09.21"]
[EventType "team"]
[EventRounds "11"]
[EventCountry "RUS"]
[Source "lmi"]
[SourceDate "2010.09.21"]
[WhiteTeam "Noruega"]
[BlackTeam "Lituania"]
[WhiteTeamCountry "NOR"]
[BlackTeamCountry "LTU"]

1. d4 Nf6 2. Nf3 g6 3. c4 Bg7 4. g3 O-O 5. Bg2 c6 6. Nc3 d5 7. cxd5 cxd5 8. Ne5
e6 9. O-O Nfd7 10. Nf3 Nc6 11. Bf4 Qb6 12. Na4 Qa6 13. Rc1 b5 14. Nc5 Nxc5 15.
Rxc5 Bd7 16. a3 Qb6 17. b4 a5 18. Qd2 axb4 19. axb4 Ra4 20. Bh6 Bxh6 21. Qxh6
f6 22. h4 Rxb4 23. h5 gxh5 24. Ng5 fxg5 25. Qxg5+ Kh8 26. Rxc6 Bxc6 27. Qe5+
Kg8 28. Qxe6+ Rf7 29. Bxd5 Qb7 30. Bxc6 Qe7 31. Bd5 Qxe6 32. Bxe6 Rxd4 33. Rb1
b4 34. e3 Re4 35. Bd5 Rg4 36. Kg2 Kg7 37. f3 Rd7 38. fxg4 Rxd5 39. Rxb4 hxg4
40. Rxg4+ Kf6 41. Kf3 Rd1 42. Rh4 Kg6 43. Kf4 Rf1+ 44. Ke4 Rg1 45. Rg4+ Kf6 46.
Kf3 Rf1+ 47. Ke2 Ra1 48. Rb4 Kf5 49. Rh4 Kg6 50. Rf4 h5 51. Rf1 Ra4 52. Kf3 h4
53. gxh4 Rxh4 54. e4 Rh7 55. Ke3 Rf7 56. Rxf7 Kxf7 57. Kd4 Ke6 58. e5 Ke7 59.
Kd5 Kd7 60. e6+ Ke7 61. Ke5 Ke8 62. Kd6 Kd8 63. e7+ Ke8 64. Ke6 1/2-1/2

[Event "Olimpiada de Khanty-Mansiysk 2010"]
[Site "Khanty-Mansiysk RUS"]
[Date "2010.09.28"]
[Round "7"]
[White "Zagorskis, Darius"]
[Black "Hansen, Torbjorn Ringdal"]
[Result "1/2-1/2"]
[WhiteElo "2497"]
[BlackElo "2429"]
[PlyCount "84"]
[EventDate "2010.09.21"]
[EventType "team"]
[EventRounds "11"]
[EventCountry "RUS"]
[Source "lmi"]
[SourceDate "2010.09.21"]
[WhiteTeam "Lituania"]
[BlackTeam "Noruega"]
[WhiteTeamCountry "LTU"]
[BlackTeamCountry "NOR"]

1. g3 Nf6 2. Bg2 g6 3. d4 Bg7 4. e4 d6 5. Nc3 O-O 6. Nge2 e5 7. O-O exd4 8.
Nxd4 Bg4 9. f3 Bd7 10. Be3 Nc6 11. Nde2 Ne5 12. b3 b5 13. Qd2 Re8 14. Nf4 a5
15. Rad1 Qb8 16. Nfd5 Nxd5 17. Nxd5 Bc6 18. Bg5 Bxd5 19. Qxd5 Qb6+ 20. Kh1 h6
21. Bf4 a4 22. Qd2 axb3 23. axb3 Ra2 24. Rc1 h5 25. Be3 Qa5 26. Qxa5 Rxa5 27.
f4 Ng4 28. Bd2 Ra2 29. h3 Nf6 30. Rfe1 Nd7 31. e5 dxe5 32. Bc6 Rd8 33. Bxb5 Nf8
34. Be3 exf4 35. gxf4 Bc3 36. Re2 Ne6 37. f5 gxf5 38. Rf1 Ra1 39. Rxa1 Bxa1 40.
Rf2 Rd1+ 41. Kg2 f4 42. Rd2 Rxd2+ 1/2-1/2

[Event "Olimpiada de Khanty-Mansiysk 2010"]
[Site "Khanty-Mansiysk RUS"]
[Date "2010.09.28"]
[Round "7"]
[White "Cuartas Medina, Jaime Ale"]
[Black "Rodriguez Vila, Andres"]
[Result "1/2-1/2"]
[WhiteElo "2526"]
[BlackElo "2537"]
[PlyCount "64"]
[EventDate "2010.09.21"]
[EventType "team"]
[EventRounds "11"]
[EventCountry "RUS"]
[Source "lmi"]
[SourceDate "2010.09.21"]
[WhiteTeam "Colombia"]
[BlackTeam "Uruguay"]
[WhiteTeamCountry "COL"]
[BlackTeamCountry "URU"]

1. e4 e5 2. Nf3 Nc6 3. Bb5 a6 4. Bxc6 dxc6 5. Nc3 Bc5 6. d3 Qd6 7. Be3 Bxe3 8.
fxe3 Ne7 9. O-O O-O 10. Qe1 c5 11. b3 f6 12. a4 Be6 13. Nd2 Nc6 14. Nc4 Bxc4
15. dxc4 Nb4 16. Qe2 a5 17. Rad1 Qe7 18. Nd5 Nxd5 19. Rxd5 c6 20. Rd3 Rfd8 21.
Rfd1 Kf8 22. Qd2 Rxd3 23. Qxd3 Ke8 24. h3 Rd8 25. Qxd8+ Qxd8 26. Rxd8+ Kxd8 27.
Kf2 h5 28. g3 Ke7 29. Kg2 g6 30. Kf2 Ke6 31. Kf3 g5 32. g4 h4 1/2-1/2

[Event "Olimpiada de Khanty-Mansiysk 2010"]
[Site "Khanty-Mansiysk RUS"]
[Date "2010.09.28"]
[Round "7"]
[White "Roselli Mailhe, Bernardo"]
[Black "Escobar Forero, Alder"]
[Result "0-1"]
[WhiteElo "2399"]
[BlackElo "2454"]
[PlyCount "80"]
[EventDate "2010.09.21"]
[EventType "team"]
[EventRounds "11"]
[EventCountry "RUS"]
[Source "lmi"]
[SourceDate "2010.09.21"]
[WhiteTeam "Uruguay"]
[BlackTeam "Colombia"]
[WhiteTeamCountry "URU"]
[BlackTeamCountry "COL"]

1. d4 g6 2. c4 Bg7 3. Nc3 d6 4. Nf3 Nf6 5. Bg5 h6 6. Bh4 g5 7. Bg3 Nh5 8. e3 c5
9. d5 Qa5 10. Qc2 Na6 11. Be2 Bd7 12. a4 Nb4 13. Qb1 b5 14. Nd2 Nxg3 15. hxg3
bxc4 16. Nxc4 Qc7 17. Qd1 Kf8 18. Bh5 Kg8 19. O-O Rf8 20. Qd2 Bc8 21. Rad1 Ba6
22. b3 Qd7 23. f4 Rh7 24. f5 Bxc4 25. bxc4 Be5 26. Ne4 f6 27. Qe2 Qxa4 28. Bg6
Rh8 29. Qh5 Kg7 30. Nf2 Bxg3 31. Ng4 Be5 32. Rf3 Qxd1+ 33. Rf1 Qa4 34. Rf3 Nd3
35. Rf1 a5 36. Rb1 Nb4 37. Rf1 Nd3 38. Rb1 Qd7 39. Rb3 Nb4 40. e4 Qa4 0-1

[Event "Olimpiada de Khanty-Mansiysk 2010"]
[Site "Khanty-Mansiysk RUS"]
[Date "2010.09.28"]
[Round "7"]
[White "Guerrero, Alvaro"]
[Black "Rios Gomez, Cristhian Cam"]
[Result "1/2-1/2"]
[WhiteElo "2270"]
[BlackElo "2380"]
[PlyCount "88"]
[EventDate "2010.09.21"]
[EventType "team"]
[EventRounds "11"]
[EventCountry "RUS"]
[Source "lmi"]
[SourceDate "2010.09.21"]
[WhiteTeam "Uruguay"]
[BlackTeam "Colombia"]
[WhiteTeamCountry "URU"]
[BlackTeamCountry "COL"]

1. d4 Nf6 2. c4 e6 3. Nc3 Bb4 4. a3 Bxc3+ 5. bxc3 d6 6. f3 O-O 7. e4 e5 8. Be3
Nc6 9. Ne2 Qe7 10. d5 Na5 11. Nc1 Nd7 12. Bd3 f5 13. O-O Nb6 14. Qe2 fxe4 15.
fxe4 Rxf1+ 16. Qxf1 Bg4 17. Ra2 Rf8 18. Rf2 Rxf2 19. Bxf2 c5 20. dxc6 bxc6 21.
c5 dxc5 22. Be3 Be6 23. Qf2 Nd7 24. Bf1 c4 25. Qb2 Nb6 26. Ne2 Nb3 27. Ng3 Na4
28. Qf2 Nxc3 29. Qc2 Nb5 30. Bxc4 N3d4 31. Qa2 Bxc4 32. Qxc4+ Qf7 33. Qc5 Qb3
34. Nf1 Qf7 35. Ng3 Qc7 36. a4 Qa5 37. Qc4+ Kh8 38. Kf2 Nd6 39. Qa2 Qc3 40. Qb1
Nb3 41. Qd1 Nd4 42. Qb1 Nb3 43. Qd1 Nd4 44. Qb1 Nb3 1/2-1/2

[Event "Olimpiada de Khanty-Mansiysk 2010"]
[Site "Khanty-Mansiysk RUS"]
[Date "2010.09.28"]
[Round "7"]
[White "Gomez, John Paul"]
[Black "Machin, Rivera Mark"]
[Result "1-0"]
[WhiteElo "2527"]
[BlackElo "2229"]
[PlyCount "135"]
[EventDate "2010.09.21"]
[EventType "team"]
[EventRounds "11"]
[EventCountry "RUS"]
[Source "lmi"]
[SourceDate "2010.09.21"]
[WhiteTeam "Filipinas"]
[BlackTeam "Puerto Rico"]
[WhiteTeamCountry "PHI"]
[BlackTeamCountry "PUR"]

1. e4 g6 2. d4 Bg7 3. Nc3 d6 4. f4 a6 5. Nf3 b5 6. Bd3 Nd7 7. e5 c5 8. exd6
exd6 9. a4 b4 10. Ne4 Qc7 11. f5 d5 12. Neg5 Ne7 13. Qe2 Nf6 14. dxc5 O-O 15.
fxg6 hxg6 16. O-O Nf5 17. Bxf5 Bxf5 18. Qf2 Rfe8 19. Kh1 Rac8 20. Qh4 Qxc5 21.
Nd4 Qe7 22. Nxf5 gxf5 23. Bd2 Rxc2 24. Rae1 Ne4 25. Qh7+ Kf8 26. Nxe4 Rxd2 27.
Nxd2 Qxe1 28. Qxf5 Qe6 29. Qf4 a5 30. Nf3 Kg8 31. h4 Qf6 32. Qc7 Qa6 33. Nh2
Rf8 34. b3 d4 35. h5 Qe2 36. Qxa5 d3 37. Qg5 Qe6 38. Ng4 f6 39. Qg6 Qe2 40. Rg1
f5 41. Nh6+ Kh8 42. Nxf5 Bf6 43. Qh6+ Kg8 44. Qg6+ Kh8 45. Ng3 Qe3 46. Nf1 Qd4
47. Nh2 Rd8 48. Nf3 Qf4 49. Re1 Qd6 50. Re8+ Rxe8 51. Qxe8+ Kg7 52. Qg6+ Kf8
53. Ng5 Ke7 54. Qh7+ Ke8 55. Ne4 Qd4 56. Nxf6+ Qxf6 57. Qxd3 Qh4+ 58. Kg1 Qe1+
59. Kh2 Qe5+ 60. Kh3 Qxh5+ 61. Kg3 Qg5+ 62. Kf3 Qh5+ 63. Kf2 Qh4+ 64. Ke2 Ke7
65. Qe3+ Kd8 66. Kd3 Kc7 67. g3 Qh1 68. Kc4 1-0

[Event "Olimpiada de Khanty-Mansiysk 2010"]
[Site "Khanty-Mansiysk RUS"]
[Date "2010.09.28"]
[Round "7"]
[White "Montalvo, Alejandro"]
[Black "Laylo, Darwin"]
[Result "0-1"]
[WhiteElo "2250"]
[BlackElo "2522"]
[PlyCount "58"]
[EventDate "2010.09.21"]
[EventType "team"]
[EventRounds "11"]
[EventCountry "RUS"]
[Source "lmi"]
[SourceDate "2010.09.21"]
[WhiteTeam "Puerto Rico"]
[BlackTeam "Filipinas"]
[WhiteTeamCountry "PUR"]
[BlackTeamCountry "PHI"]

1. e4 d5 2. exd5 Nf6 3. d4 Bg4 4. f3 Bf5 5. g4 Bg6 6. c4 e6 7. Nc3 Be7 8. dxe6
Nc6 9. Be3 fxe6 10. a3 Nd7 11. Nge2 O-O 12. Kf2 Bg5 13. Qd2 Nde5 14. dxe5 Qxd2
15. Bxd2 Bxd2 16. Rd1 Rad8 17. Nd5 Bh6 18. Ndc3 Rxd1 19. Nxd1 Nxe5 20. Nec3
Rxf3+ 21. Kg2 Rf4 22. h3 Nxc4 23. Kg3 Rd4 24. Bxc4 Rxc4 25. Re1 Kf7 26. h4 Bd2
27. Re2 Bf4+ 28. Kf3 h5 29. Nf2 Bc1 0-1

[Event "Olimpiada de Khanty-Mansiysk 2010"]
[Site "Khanty-Mansiysk RUS"]
[Date "2010.09.28"]
[Round "7"]
[White "Torre, Eugenio"]
[Black "Vazquez, Reyes Raul"]
[Result "1/2-1/2"]
[WhiteElo "2489"]
[BlackElo "2217"]
[PlyCount "130"]
[EventDate "2010.09.21"]
[EventType "team"]
[EventRounds "11"]
[EventCountry "RUS"]
[Source "lmi"]
[SourceDate "2010.09.21"]
[WhiteTeam "Filipinas"]
[BlackTeam "Puerto Rico"]
[WhiteTeamCountry "PHI"]
[BlackTeamCountry "PUR"]

1. b3 Nf6 2. Bb2 d5 3. e3 g6 4. c4 c6 5. cxd5 cxd5 6. Bb5+ Nc6 7. Bxf6 exf6 8.
Ne2 Bg7 9. d4 O-O 10. Nbc3 Ne7 11. O-O a6 12. Bd3 b5 13. b4 Qd6 14. Qb3 Be6 15.
Rfc1 Rfc8 16. Rc2 f5 17. Rac1 Rc6 18. a4 bxa4 19. Nxa4 Rb8 20. Nc5 Rcb6 21. Qa3
Bc8 22. g3 Rxb4 23. Bxa6 Rb1 24. Bxc8 Rxc1+ 25. Rxc1 Nxc8 26. Qa2 Bf8 27. Nf4
Ne7 28. Rb1 Rxb1+ 29. Qxb1 Bh6 30. Nfd3 Bg7 31. Qb7 Bf6 32. Nd7 Kg7 33. N3c5
Qc6 34. Qb8 Qc8 35. Qxc8 Nxc8 36. Nd3 Bd8 37. Kf1 f6 38. Nb4 Kf7 39. Ke2 Ne7
40. Nb8 Bc7 41. N8a6 Ba5 42. Nd3 g5 43. Nac5 Nc6 44. Nb3 Bc7 45. f4 h6 46. Kd2
Ke7 47. Ndc5 Ba5+ 48. Ke2 Bb4 49. Nd3 Kd6 50. Kf3 g4+ 51. Ke2 Ba5 52. Kd1 Bc3
53. Kc2 Ba5 54. Kb2 Bb4 55. Kc2 Ba5 56. Ndc5 Be1 57. Kd1 Bb4 58. Ke2 Bc3 59.
Na4 Bb4 60. Nbc5 Na5 61. Nd3 Nc6 62. Nac5 Ba5 63. Nb3 Bc3 64. Kd1 Ba5 65. Kc2
Bb4 1/2-1/2

[Event "Olimpiada de Khanty-Mansiysk 2010"]
[Site "Khanty-Mansiysk RUS"]
[Date "2010.09.28"]
[Round "7"]
[White "Ovalle, Burgos Ramon"]
[Black "Bitoon, Richard"]
[Result "1/2-1/2"]
[WhiteElo "2201"]
[BlackElo "2447"]
[PlyCount "73"]
[EventDate "2010.09.21"]
[EventType "team"]
[EventRounds "11"]
[EventCountry "RUS"]
[Source "lmi"]
[SourceDate "2010.09.21"]
[WhiteTeam "Puerto Rico"]
[BlackTeam "Filipinas"]
[WhiteTeamCountry "PUR"]
[BlackTeamCountry "PHI"]

1. d4 Nf6 2. c4 e6 3. Nf3 b6 4. g3 Ba6 5. Qa4 Bb7 6. Bg2 c5 7. Be3 Be7 8. O-O
O-O 9. Nc3 Ng4 10. Rad1 Nxe3 11. fxe3 d6 12. d5 e5 13. Nxe5 Bg5 14. Nc6 Bxe3+
15. Kh1 Qd7 16. Rd3 Bh6 17. Ne4 Qc7 18. g4 Nxc6 19. dxc6 Bxc6 20. Nf6+ gxf6 21.
Bxc6 Rac8 22. Bd5 Rce8 23. Rxf6 Kg7 24. Rxf7+ Rxf7 25. Qxe8 Rf1+ 26. Kg2 Rf8
27. Qe6 Bg5 28. Be4 Rf6 29. Qd5 h6 30. Bf5 Bf4 31. Rf3 Be5 32. b3 Qe7 33. h4
Rf8 34. Kh3 Bf6 35. Be4 Bxh4 36. Rxf8 Kxf8 37. Qf5+ 1/2-1/2

[Event "Olimpiada de Khanty-Mansiysk 2010"]
[Site "Khanty-Mansiysk RUS"]
[Date "2010.09.28"]
[Round "7"]
[White "Miezis, Normunds"]
[Black "Megaranto, Susanto"]
[Result "1/2-1/2"]
[WhiteElo "2519"]
[BlackElo "2516"]
[PlyCount "76"]
[EventDate "2010.09.21"]
[EventType "team"]
[EventRounds "11"]
[EventCountry "RUS"]
[Source "lmi"]
[SourceDate "2010.09.21"]
[WhiteTeam "Letonia"]
[BlackTeam "Indonesia"]
[WhiteTeamCountry "LAT"]
[BlackTeamCountry "INA"]

1. c4 e6 2. e4 d5 3. exd5 exd5 4. d4 Nf6 5. Nc3 Be7 6. Nf3 O-O 7. Be2 dxc4 8.
Bxc4 Bg4 9. Be3 Nc6 10. O-O Qd7 11. Be2 Nd5 12. Nxd5 Qxd5 13. a3 Bd6 14. h3 Bh5
15. Rc1 Ne7 16. g4 Bg6 17. Bc4 Qa5 18. Re1 c6 19. Ne5 Nd5 20. Bd2 Qd8 21. Qf3
Re8 22. Bb3 Qb6 23. Nc4 Rxe1+ 24. Rxe1 Qxd4 25. h4 Bc5 26. h5 Qd3 27. Kg2 Qxf3+
28. Kxf3 Bd3 29. Ba2 Rd8 30. b4 Bxc4 31. Bxc4 Bf8 32. Bg5 f6 33. Be3 a6 34. Rd1
Kf7 35. Ke4 Re8+ 36. Kf3 Rd8 37. Ke4 Re8+ 38. Kf3 Rd8 1/2-1/2

[Event "Olimpiada de Khanty-Mansiysk 2010"]
[Site "Khanty-Mansiysk RUS"]
[Date "2010.09.28"]
[Round "7"]
[White "Irwanto, Sadikin"]
[Black "Kantans, Toms"]
[Result "0-1"]
[WhiteElo "2419"]
[BlackElo "2332"]
[PlyCount "74"]
[EventDate "2010.09.21"]
[EventType "team"]
[EventRounds "11"]
[EventCountry "RUS"]
[Source "lmi"]
[SourceDate "2010.09.21"]
[WhiteTeam "Indonesia"]
[BlackTeam "Letonia"]
[WhiteTeamCountry "INA"]
[BlackTeamCountry "LAT"]

1. d4 Nf6 2. c4 g6 3. Nc3 Bg7 4. e4 d6 5. Nf3 O-O 6. Be2 e5 7. O-O Nc6 8. d5
Ne7 9. b4 Nh5 10. Re1 f5 11. Ng5 Nf6 12. Bf3 c6 13. Be3 h6 14. Ne6 Bxe6 15.
dxe6 fxe4 16. Nxe4 Nxe4 17. Bxe4 d5 18. cxd5 cxd5 19. Bc2 Rc8 20. Bb3 b6 21. b5
Kh7 22. Qg4 Qd6 23. Qa4 Rc7 24. Rac1 Rfc8 25. Rxc7 Rxc7 26. Rc1 Rxc1+ 27. Bxc1
Nc8 28. e7 Nxe7 29. Qxa7 Qb4 30. g3 Nf5 31. Ba3 Qe1+ 32. Kg2 Qe4+ 33. Kh3 Nh4
34. Bxd5 Qf5+ 35. g4 Qd3+ 36. f3 Nxf3 37. Qa8 Ne1+ 0-1

[Event "Olimpiada de Khanty-Mansiysk 2010"]
[Site "Khanty-Mansiysk RUS"]
[Date "2010.09.28"]
[Round "7"]
[White "Karttunen, Mika"]
[Black "Xie, George Wendi"]
[Result "1-0"]
[WhiteElo "2440"]
[BlackElo "2478"]
[PlyCount "85"]
[EventDate "2010.09.21"]
[EventType "team"]
[EventRounds "11"]
[EventCountry "RUS"]
[Source "lmi"]
[SourceDate "2010.09.21"]
[WhiteTeam "Finlandia"]
[BlackTeam "Australia"]
[WhiteTeamCountry "FIN"]
[BlackTeamCountry "AUS"]

1. Nf3 c5 2. c4 Nc6 3. Nc3 e5 4. g3 g6 5. Bg2 Bg7 6. O-O Nge7 7. a3 a5 8. Ne1
d6 9. d3 O-O 10. Rb1 Be6 11. Nc2 d5 12. cxd5 Nxd5 13. Ne3 Nce7 14. Nc4 Rb8 15.
Bd2 b6 16. Qc1 Nc6 17. Ne3 Nxe3 18. fxe3 Rc8 19. Rf2 c4 20. Qf1 Bh6 21. Rd1
cxd3 22. exd3 Qd7 23. d4 exd4 24. exd4 Bxd2 25. Rfxd2 Bb3 26. Bxc6 Qxc6 27. Re1
Rfd8 28. Re5 Bc4 29. Qg2 Qf6 30. Ne4 Qg7 31. Qf2 Rc6 32. Qe3 Rc7 33. Qg5 Rcc8
34. d5 h6 35. Qe7 f5 36. Nf6+ Kh8 37. d6 Bf7 38. d7 Rb8 39. Qd6 Qf8 40. Re7 b5
41. Qe5 Ra8 42. Ne8+ Kg8 43. Nd6 1-0

[Event "Olimpiada de Khanty-Mansiysk 2010"]
[Site "Khanty-Mansiysk RUS"]
[Date "2010.09.28"]
[Round "7"]
[White "Johansen, Darryl K"]
[Black "Agopov, Mikael"]
[Result "1/2-1/2"]
[WhiteElo "2420"]
[BlackElo "2419"]
[PlyCount "29"]
[EventDate "2010.09.21"]
[EventType "team"]
[EventRounds "11"]
[EventCountry "RUS"]
[Source "lmi"]
[SourceDate "2010.09.21"]
[WhiteTeam "Australia"]
[BlackTeam "Finlandia"]
[WhiteTeamCountry "AUS"]
[BlackTeamCountry "FIN"]

1. Nf3 Nf6 2. c4 g6 3. Nc3 d5 4. cxd5 Nxd5 5. e4 Nxc3 6. dxc3 Qxd1+ 7. Kxd1 f6
8. Kc2 e5 9. Be3 Be6 10. Nd2 Nd7 11. Bc4 Bxc4 12. Nxc4 Bc5 13. Rhd1 Bxe3 14.
Nxe3 O-O-O 15. f3 1/2-1/2

[Event "Olimpiada de Khanty-Mansiysk 2010"]
[Site "Khanty-Mansiysk RUS"]
[Date "2010.09.28"]
[Round "7"]
[White "Sipila, Vilka"]
[Black "Solomon, Stephen J"]
[Result "0-1"]
[WhiteElo "2231"]
[BlackElo "2396"]
[PlyCount "136"]
[EventDate "2010.09.21"]
[EventType "team"]
[EventRounds "11"]
[EventCountry "RUS"]
[Source "lmi"]
[SourceDate "2010.09.21"]
[WhiteTeam "Finlandia"]
[BlackTeam "Australia"]
[WhiteTeamCountry "FIN"]
[BlackTeamCountry "AUS"]

1. e4 e6 2. d4 d5 3. Bd3 dxe4 4. Bxe4 Nf6 5. Bf3 c5 6. Ne2 Nc6 7. Be3 e5 8.
Bxc6+ bxc6 9. dxe5 Qxd1+ 10. Kxd1 Ng4 11. Nd2 Ba6 12. Nf3 Be7 13. Nc3 O-O-O+
14. Kc1 Nxe3 15. fxe3 g5 16. Nd2 h5 17. Nde4 Rh6 18. Ng3 Re6 19. Rd1 Rxe5 20.
e4 g4 21. Rxd8+ Kxd8 22. Kd2 Bg5+ 23. Ke1 Kc7 24. Nxh5 Bh4+ 25. Ng3 f5 26. Kd2
f4 27. Nf5 Bg5 28. h4 gxh3 29. gxh3 Rxf5 30. h4 Re5 31. hxg5 Rxg5 32. Na4 Bb5
33. c4 Rg2+ 34. Kd3 Rg3+ 35. Ke2 Re3+ 36. Kd2 Bxa4 37. b3 Rxe4 38. Rh1 Kb6 39.
Rh4 Rd4+ 40. Kc3 f3 41. Rh2 Re4 42. Rf2 Re3+ 43. Kd2 Re2+ 44. Rxe2 fxe2 45.
Kxe2 Ka5 46. Kd2 Bxb3 47. axb3 Kb4 48. Kc2 Ka3 49. Kc3 a5 50. Kc2 Ka2 51. Kc3
Kb1 52. b4 axb4+ 53. Kb3 Kc1 54. Ka2 Kc2 55. Ka1 Kc3 56. Ka2 Kxc4 57. Kb1 Kc3
58. Ka2 b3+ 59. Ka1 b2+ 60. Kb1 c4 61. Ka2 Kc2 62. Ka3 c3 63. Kb4 b1=Q+ 64. Kc4
Qg1 65. Kb4 Qg5 66. Kc4 Qd5+ 67. Kb4 Qb5+ 68. Ka3 Qa5# 0-1

[Event "Olimpiada de Khanty-Mansiysk 2010"]
[Site "Khanty-Mansiysk RUS"]
[Date "2010.09.28"]
[Round "7"]
[White "Sjugirov, Sanan"]
[Black "Akylbekov, Nasyr"]
[Result "0-1"]
[WhiteElo "2627"]
[BlackElo "2390"]
[PlyCount "120"]
[EventDate "2010.09.21"]
[EventType "team"]
[EventRounds "11"]
[EventCountry "RUS"]
[Source "lmi"]
[SourceDate "2010.09.21"]
[WhiteTeam "RU4"]
[BlackTeam "Kyrgyzstan"]
[BlackTeamCountry "KGZ"]

1. e4 e5 2. Nf3 Nc6 3. Bb5 a6 4. Ba4 Nf6 5. O-O Be7 6. Re1 b5 7. Bb3 O-O 8. c3
d5 9. exd5 Nxd5 10. Nxe5 Nxe5 11. Rxe5 Nf6 12. h3 Bd6 13. Re1 Ng4 14. Qf3 Qh4
15. d4 Nxf2 16. Re3 Nd3 17. Re4 Qg3 18. Qxg3 Bxg3 19. Bg5 Bf5 20. Re7 h6 21.
Bd2 Nxb2 22. Re3 Bd6 23. Rf3 Be4 24. Rf1 a5 25. Bc1 Nd3 26. Nd2 Bb7 27. Bc2 Nf4
28. Be4 Ne2+ 29. Kf2 Bxe4 30. Nxe4 Rfe8 31. Nxd6 cxd6 32. Bd2 b4 33. cxb4 Nxd4
34. Rfe1 Rxe1 35. Rxe1 axb4 36. Bxb4 Nc2 37. Rb1 Rb8 38. a3 Nxa3 39. Ra1 Rxb4
40. Rxa3 Rb7 41. Ra8+ Kh7 42. Rd8 Rb6 43. Kf3 Kg6 44. Kf4 h5 45. Rd7 Kf6 46.
Rd8 Ke7 47. Ra8 g6 48. Kg5 Rb5+ 49. Kh6 Kf6 50. Ra6 Rd5 51. Ra2 h4 52. Kh7 Rf5
53. Ra4 d5 54. Kg8 Ke5 55. Rxh4 d4 56. g4 Rf4 57. Kg7 d3 58. Rh8 d2 59. Re8+
Kd4 60. g5 Kd3 0-1